The EBCC atlas of European breeding birds : their distribution and abundance
Αποθηκεύτηκε σε:
| Άλλοι συγγραφείς: | , |
|---|---|
| Μορφή: | Βιβλίο |
| Γλώσσα: | English |
| Δημοσίευση: |
London :
T. & A. D. Poyser,
c1997
|
| Θέματα: | |
| Ετικέτες: |
Προσθήκη ετικέτας
Δεν υπάρχουν, Καταχωρήστε ετικέτα πρώτοι!
|
MARC
| LEADER | 00000cam a2200000 i 4500 | ||
|---|---|---|---|
| 001 | 1/25895 | ||
| 008 | 981015s1997 eng d | ||
| 020 | |a 0-85661-091-7 | ||
| 035 | |l 10037449 | ||
| 040 | |a GR-MY-UA |b gre |e aacr | ||
| 041 | 0 | |a eng | |
| 082 | 0 | |a 598.094 | |
| 245 | 1 | 4 | |a The EBCC atlas of European breeding birds : |b their distribution and abundance / |c edited by Ward J. M. Hagemeijer ans Michael J. Blair ...[et al.] |
| 260 | |a London : |b T. & A. D. Poyser, |c c1997 | ||
| 300 | |a 903 p. |b ill. | ||
| 504 | |a Includes bibliographical references and index | ||
| 650 | 0 | 0 | |a Birds |z Europe. |
| 700 | 1 | |a Blair, Michael J. |4 edt | |
| 700 | 1 | |4 edt |a Hagemeijer, Ward J. M. | |
| 852 | |a INST |b LESVOS |e 19981015 |h 598.094 EBC |p 005100018548 |q 005100018548 |t BK |y 0 | ||
| 901 | |a BIBL-1998-3 | ||
| 909 | |a Λ |b 059514 | ||
| 922 | |a 1ΕΛΗ |b 199809 |c ΚΠΣ/ΤΠ |d ΠΑΠΑΣΩΤΗΡΙΟΥ | ||
| 950 | |a 107-1998-07-08 | ||